000 01986nam a2200253Ia 4500
003 Ost
005 20260507074953.0
008 260507s9999||||xx |||||||||||||| ||und||
020 _a9960540332
040 _cfsecg
041 _aara
082 _a378
100 _aدوريس، مايكل ج.
_eمؤلف
245 0 _aالتخطيط الاستراتيجي الناجح :
_bاتجاهات جديدة للبحث المؤسساتي /
_c مايكل ج. دوريس
260 _aالرياض:
_bالعبيكان للنشر والتوزيع,
_c2006
300 _a281 صفحة؛
_bإيضاحات ؛
_c25 سم
504 _aببليوغرافيا:ص.260-261
520 _aأسس التخطيط الاستراتيجي،التخطيط الاستراتيجي في حقل التعليم العالي،الاعتماد كدافع لتطوير الفعالية المؤسساتية،التخطيط الاستراتيجي بحسب بالدريدج،استخدام نتائج أبحاث مؤسساتية غير أساسية في التخطيط الاستراتيجي في الكليات،الربط بين التخطيط والارتقاء بالنوعية والبحث المؤسساتي،التخطيط الاستراتيجي ووضع الميزانية لتحقيق الرسائل الرئيسية،التخطيط المتكامل لعملية الالتحاق والمنشآت والميزانية وتعيين الموظفين،مؤتمرات البحث المستقبلية في جامعة كورنيل،التخطيط الاستراتيجي في كلية مجتمع كارول،نقل الخطة الاستراتيجية من النظرية إلى التطبيق في جامعة -وسكونسن-ماديسون،نماذج ووسائل للتخطيط الاستراتيجي
653 _aالتخطيط التربوي
653 _aالتعليم العالي
653 _aالولايات المتحدة
700 _a م.كيلي، جون
_eمؤلف ثانوي
942 _cكتاب
999 _c42005
_d42005